| 000 | 00892nam a2200289 i 4500 | ||
|---|---|---|---|
| 001 | bg | ||
| 100 | 1 | _aBURTON, Celia | |
| 245 | 1 | 0 |
_aZarządzanie projektem / _cCelia Burton, Norma Michael ; [tł. Jerzy Szymbor]. |
| 260 |
_aWrocław : _b"Astrum", _c1999. |
||
| 300 |
_a157 s. : _b1 rys., 2 wykr. ; _c23 cm. |
||
| 490 | 1 | _aKreatywność | |
| 500 | _aNa okł. podtyt. : jak to robić w twojej organizacji. | ||
| 504 | _aBibliogr. s. 157. | ||
| 650 | 9 |
_aPrzedsiębiorstwo _xorganizacja |
|
| 650 | 9 | _aZarządzanie | |
| 700 | 1 | _aMICHAEL, Norma | |
| 700 | 1 |
_aSZYMBOR, Jerzy. _eTł. |
|
| 830 | _aKreatywność | ||
| 020 | _a8387197823 | ||
| 040 | _cBPK | ||
| 041 | 1 |
_apol _heng |
|
| 080 | _a658.1/.5.011/.012 | ||
| 920 | _a83-87197-82-3 | ||
| 942 | _cKS | ||
| 008 | s pl f |000 0 pol | ||
| 999 |
_c44200 _d44200 |
||
| 856 |
_uhttp://koha.tu.koszalin.pl/cgi-bin/koha/opac-detail.pl?biblionumber=44200 _yKatalog online BPK |
||